[Event "ARG-ch sf 95th"]
[Site "Buenos Aires"]
[Date "2020.02.26"]
[Round "5"]
[White "Carraro, Denise"]
[Black "Coro, Lucas"]
[Result "0-1"]
[WhiteElo "2194"]
[BlackElo "2375"]
[PlyCount "58"]
[EventDate "2020.02.22"]
[EventType "swiss"]
[EventRounds "9"]
[EventCountry "ARG"]
[SourceTitle "CBM 195 Extra"]
[Source "ChessBase"]
[SourceDate "2020.05.31"]
[SourceVersion "1"]
[SourceVersionDate "2020.05.31"]
[SourceQuality "1"]

1. e4 c5 2. Nf3 Nc6 3. d3 g6 4. g3 Bg7 5. Bg2 e5 6. 0-0 Nge7 7. c3 0-0 8. Na3 d6 9. Be3 Kh8 10. Rb1 f5 11. Qd2 Be6 12. b4 cxb4 13. cxb4 f4 14. gxf4 exf4 15. Bxf4 Bxa2 16. Qxa2 Rxf4 17. Ng5 Qf8 18. Nc4 Qf6 19. Nh3 Rh4 20. b5 Ne5 21. Nxe5 dxe5 22. Rfc1 g5 23. f3 g4 24. fxg4 Rxg4 25. Rf1 Qh6 26. Rf3 Ng6 27. Nf2 Rxg2+ 28. Kxg2 Nh4+ 29. Kg3 Qg5+ 0-1

[Event "Rio de Janeiro Duchamp op 3rd"]
[Site "Rio de Janeiro"]
[Date "2019.12.10"]
[Round "5"]
[White "Carraro, Denise"]
[Black "Molina, Roberto Junio Brito"]
[Result "1-0"]
[WhiteElo "2177"]
[BlackElo "2448"]
[PlyCount "99"]
[EventDate "2019.12.07"]
[EventType "swiss"]
[EventRounds "9"]
[EventCountry "BRA"]
[SourceTitle "CBM 193 Extra"]
[Source "ChessBase"]
[SourceDate "2020.01.31"]
[SourceVersion "1"]
[SourceVersionDate "2020.01.31"]
[SourceQuality "1"]

1. e4 c5 2. Nf3 e6 3. d4 cxd4 4. Nxd4 Nf6 5. Nc3 d6 6. Be2 Nc6 7. Be3 Be7 8. 0-0 0-0 9. f4 a6 10. a4 Qc7 11. Kh1 Bd7 12. Qe1 Nxd4 13. Bxd4 Bc6 14. Qg3 g6 15. Bd3 e5 16. fxe5 Nh5 17. Qf2 dxe5 18. Bb6 Qc8 19. Be3 Ng7 20. Bh6 Kh8 21. Qg3 f6 22. Rad1 Qe8 23. b3 Rd8 24. Nd5 Bxd5 25. exd5 Bd6 26. Qe3 f5 27. c4 Rc8 28. Qb6 Qe7 29. Bg5 Qxg5 30. Qxd6 e4 31. Bc2 Rce8 32. Rde1 Kg8 33. Qb4 Rf7 34. c5 Nh5 35. Qd4 a5 36. d6 Nf4 37. Qf2 Ne6 38. Bxe4 f4 39. Bxb7 Rxb7 40. c6 Rbb8 41. c7 Nxc7 42. dxc7 Rbc8 43. Rxe8+ Rxe8 44. Qc2 Rc8 45. Qc4+ Kg7 46. Qd4+ Kg8 47. Qd7 Qf5 48. Rd1 f3 49. Qxc8+ Qxc8 50. Rd8+ 1-0

[Event "Buenos Aires ProAm op 26th"]
[Site "Buenos Aires"]
[Date "2019.10.09"]
[Round "4"]
[White "Carraro, Denise"]
[Black "Dolezal, Cristian"]
[Result "0-1"]
[WhiteElo "2166"]
[BlackElo "2406"]
[PlyCount "92"]
[EventDate "2019.10.06"]
[EventType "team-swiss"]
[EventRounds "8"]
[EventCountry "ARG"]
[SourceTitle "CBM 192 Extra"]
[Source "Chessbase"]
[SourceDate "2019.11.06"]
[SourceVersion "1"]
[SourceVersionDate "2019.11.06"]
[SourceQuality "1"]

1. e4 c5 2. Nf3 Nc6 3. Nc3 g6 4. d4 cxd4 5. Nxd4 Bg7 6. Nb3 Nf6 7. Be2 d6 8. 0-0 0-0 9. Bg5 a6 10. f4 b5 11. Bf3 b4 12. Na4 Qc7 13. Qd2 a5 14. Qf2 Ba6 15. Rfe1 Rab8 16. a3 Bb5 17. axb4 axb4 18. e5 dxe5 19. c4 bxc3 20. Nxc3 Bc4 21. Nd2 Be6 22. Qc5 e4 23. Nb5 Rxb5 24. Qxb5 exf3 25. Nxf3 Rb8 26. Qa4 Rxb2 27. f5 Bd5 28. Bf4 Qb6+ 29. Be3 Qb7 30. Qa8+ Nb8 31. Qxb7 Rxb7 32. fxg6 hxg6 33. Bd4 Ng4 34. Bxg7 Kxg7 35. Rad1 e6 36. Rd2 Nc6 37. Ng5 Nge5 38. Nh3 Rb4 39. Rf1 Rg4 40. Rdf2 g5 41. Rd1 Nd4 42. Kf1 f6 43. Rb1 Nc4 44. g3 Ne3+ 45. Ke1 Re4 46. Ng1 Ng4+ 0-1

[Event "Buenos Aires Szmetan Giardelli op"]
[Site "Buenos Aires"]
[Date "2018.12.07"]
[Round "4"]
[White "Carraro, Denise"]
[Black "Jarmoluk, Jorge E"]
[Result "1/2-1/2"]
[WhiteElo "2097"]
[BlackElo "1991"]
[PlyCount "138"]
[EventDate "2018.12.04"]
[EventType "swiss"]
[EventRounds "9"]
[EventCountry "ARG"]
[SourceTitle "CBM 187 Extra"]
[Source "ChessBase"]
[SourceDate "2018.11.04"]
[SourceVersion "1"]
[SourceVersionDate "2018.11.04"]
[SourceQuality "1"]

1. e4 e6 2. Qe2 c5 3. Nf3 Nc6 4. g3 g6 5. Bg2 Bg7 6. 0-0 Nge7 7. c3 0-0 8. d3 b6 9. e5 Ba6 10. Bf4 Qc7 11. Qd2 Rac8 12. Re1 Nd5 13. Bh6 Rfd8 14. c4 Nde7 15. Bxg7 Kxg7 16. Qg5 Ng8 17. Nc3 d6 18. exd6 Rxd6 19. Rad1 Qd8 20. Qf4 Nf6 21. Ne5 Nxe5 22. Qxe5 Rxd3 23. Rxd3 Qxd3 24. Ne4 Qd4 25. Qxd4 cxd4 26. b3 Nxe4 27. Bxe4 f5 28. Bd3 Kf6 29. f4 h6 30. h4 Bb7 31. Kf2 a5 32. a3 Ba6 33. g4 a4 34. g5+ hxg5 35. hxg5+ Ke7 36. Rb1 axb3 37. Rxb3 Rc6 38. Ke2 Kd7 39. Kd2 Kc7 40. Rb4 Rc5 41. Be2 e5 42. Kd3 exf4 43. Kxd4 Bb7 44. Rb3 Rc6 45. Ke5 f3 46. Bxf3 Rxc4 47. Bxb7 Kxb7 48. Rh3 Rc6 49. Rh7+ Ka6 50. Rf7 Kb5 51. Kd5 Rc5+ 52. Kd4 f4 53. Rxf4 Rxg5 54. Rf3 Rc5 55. Rh3 Ka5 56. Rg3 g5 57. Rb3 Rb5 58. Rg3 Ka4 59. Kc4 Rf5 60. Kd4 Rc5 61. Rf3 g4 62. Rd3 Kb5 63. Re3 Kc6 64. Rg3 b5 65. Ke4 Rc4+ 66. Kf5 Kb6 67. Ke5 Ka5 68. Re3 Ka4 69. Rg3 Rc8 1/2-1/2

[Event "ARG-ch sf 93rd"]
[Site "Buenos Aires"]
[Date "2018.05.22"]
[Round "4"]
[White "Carraro, Denise"]
[Black "Cimer, Emanuel"]
[Result "0-1"]
[WhiteElo "2106"]
[BlackElo "2305"]
[PlyCount "104"]
[EventDate "2018.05.19"]
[EventType "swiss"]
[EventRounds "9"]
[EventCountry "ARG"]
[SourceTitle "CBM 184 Extra"]
[Source "ChessBase"]
[SourceDate "2018.06.28"]
[SourceVersion "1"]
[SourceVersionDate "2018.06.28"]
[SourceQuality "1"]

1. e4 c5 2. Nf3 d6 3. d4 cxd4 4. Nxd4 Nf6 5. Nc3 g6 6. Be3 Bg7 7. f3 0-0 8. Qd2 Nc6 9. g4 Be6 10. 0-0-0 Nxd4 11. Bxd4 Qa5 12. a3 Rfc8 13. h4 Rab8 14. h5 b5 15. h6 Bh8 16. Nd5 Qxd2+ 17. Rxd2 Bxd5 18. exd5 Rc7 19. Kb1 Nd7 20. Bxh8 Kxh8 21. b3 Ne5 22. Be2 g5 23. Rc1 a6 24. Kb2 Rc5 25. Rd4 Rg8 26. a4 bxa4 27. Rxa4 Rxd5 28. Bxa6 Rd2 29. Rca1 Rh2 30. b4 Rxh6 31. Bf1 d5 32. Re1 Re6 33. Ra6 Nd3+ 34. Bxd3 Rxe1 35. b5 Rb8 36. Kc3 e5 37. Rd6 e4 38. fxe4 dxe4 39. Bc4 e3 40. Rd7 Rg1 41. Rd4 Rg2 42. Re4 Rc8 43. b6 Rb8 44. Rxe3 Rxg4 45. Bxf7 Rxb6 46. Bd5 h5 47. Be4 Re6 48. Kd4 Rgxe4+ 49. Rxe4 Rxe4+ 50. Kxe4 h4 51. c4 h3 52. Kf3 g4+ 0-1

[Event "ARG-ch sf 93rd"]
[Site "Buenos Aires"]
[Date "2018.05.20"]
[Round "2"]
[White "Denegri, German"]
[Black "Carraro, Denise"]
[Result "1/2-1/2"]
[WhiteElo "1924"]
[BlackElo "2106"]
[PlyCount "79"]
[EventDate "2018.05.19"]
[EventType "swiss"]
[EventRounds "9"]
[EventCountry "ARG"]
[SourceTitle "CBM 184 Extra"]
[Source "ChessBase"]
[SourceDate "2018.06.28"]
[SourceVersion "1"]
[SourceVersionDate "2018.06.28"]
[SourceQuality "1"]

1. c4 e5 2. g3 g6 3. d4 d6 4. dxe5 dxe5 5. Qxd8+ Kxd8 6. Nf3 Bg7 7. Nc3 c6 8. e4 h6 9. Be3 Kc7 10. 0-0-0 Bg4 11. Be2 Nd7 12. h3 Be6 13. Nh4 Ne7 14. Nd5+ cxd5 15. cxd5 Bxd5 16. exd5 Kd6 17. Kb1 Nb6 18. Rc1 Rac8 19. Bxb6 axb6 20. Bc4 Rc5 21. b4 Rc7 22. Ng2 Rhc8 23. Ne3 f5 24. Bb5 Rxc1+ 25. Rxc1 Rxc1+ 26. Kxc1 Nxd5 27. Nxd5 Kxd5 28. Be8 g5 29. Kd2 e4 30. Bd7 Bd4 31. Ke2 Ke5 32. Bc8 b5 33. Bxb7 Bc3 34. Bc6 Bxb4 35. Bxb5 Ba3 36. Bd7 f4 37. gxf4+ gxf4 38. Bc8 f3+ 39. Kf1 Kf4 40. Bd7 1/2-1/2

[Event "Rio de Janeiro Duchamp op"]
[Site "Rio de Janeiro"]
[Date "2017.11.16"]
[Round "7"]
[White "Teixeira, Ricardo da Silva"]
[Black "Carraro, Denise"]
[Result "1-0"]
[WhiteElo "2225"]
[BlackElo "2093"]
[PlyCount "79"]
[EventDate "2017.11.11"]
[EventType "swiss"]
[EventRounds "9"]
[EventCountry "BRA"]
[SourceTitle "CBM 181 Extra"]
[Source "ChessBase"]
[SourceDate "2017.12.12"]
[SourceVersion "1"]
[SourceVersionDate "2017.12.12"]
[SourceQuality "1"]

1. d4 e6 2. Nf3 Nf6 3. g3 b5 4. Bg2 Bb7 5. 0-0 c5 6. c3 Nc6 7. Bg5 d5 8. Nbd2 cxd4 9. cxd4 Be7 10. Bxf6 Bxf6 11. Nb3 Qb6 12. Rc1 Rc8 13. e3 0-0 14. Qd2 Rfd8 15. Rc2 Ne7 16. Nc5 Nf5 17. Rfc1 Nd6 18. Ne1 Nc4 19. Qe2 e5 20. Nxb7 Qxb7 21. dxe5 Bxe5 22. Nd3 Bd6 23. b3 Nb6 24. Nc5 Bxc5 25. Rxc5 a6 26. Qd2 Rxc5 27. Rxc5 h6 28. Qd4 Rd7 29. h4 Qa8 30. a4 bxa4 31. bxa4 Qe8 32. a5 Nc8 33. Rxd5 Rxd5 34. Qxd5 Qe6 35. Qxe6 fxe6 36. Bf1 Ne7 37. Bxa6 Nc6 38. Bc4 Nxa5 39. Bxe6+ Kf8 40. Bd5 1-0

[Event "Rio de Janeiro Duchamp op"]
[Site "Rio de Janeiro"]
[Date "2017.11.13"]
[Round "4"]
[White "Carraro, Denise"]
[Black "Carvalho, Celestino Jr"]
[Result "1-0"]
[WhiteElo "2093"]
[BlackElo "1993"]
[PlyCount "67"]
[EventDate "2017.11.11"]
[EventType "swiss"]
[EventRounds "9"]
[EventCountry "BRA"]
[SourceTitle "CBM 181 Extra"]
[Source "ChessBase"]
[SourceDate "2017.12.12"]
[SourceVersion "1"]
[SourceVersionDate "2017.12.12"]
[SourceQuality "1"]

1. e4 c5 2. Nf3 e6 3. d4 cxd4 4. Nxd4 a6 5. Nc3 Qc7 6. g3 Nc6 7. Bg2 Nf6 8. 0-0 d6 9. Be3 Be7 10. f4 Nd7 11. g4 Rb8 12. a4 b6 13. g5 Bb7 14. f5 Nxd4 15. Bxd4 e5 16. Be3 g6 17. Rf2 h5 18. gxh6 g5 19. f6 Bxf6 20. Qh5 Rh7 21. Bxg5 Bxg5 22. Qxg5 Nf8 23. Raf1 Qe7 24. Rf6 Bc6 25. Bh3 Ng6 26. Be6 Kd8 27. Bxf7 Rxf7 28. Qxg6 Rxf6 29. Rxf6 Be8 30. Rxd6+ Kc8 31. Qe6+ Qxe6 32. Rxe6 Bd7 33. h7 Kc7 34. Nd5+ 1-0

[Event "Rio de Janeiro Duchamp op"]
[Site "Rio de Janeiro"]
[Date "2017.11.12"]
[Round "3"]
[White "Nascimento, Pedro Henrique Alve"]
[Black "Carraro, Denise"]
[Result "0-1"]
[WhiteElo "1971"]
[BlackElo "2093"]
[PlyCount "94"]
[EventDate "2017.11.11"]
[EventType "swiss"]
[EventRounds "9"]
[EventCountry "BRA"]
[SourceTitle "CBM 181 Extra"]
[Source "ChessBase"]
[SourceDate "2017.12.12"]
[SourceVersion "1"]
[SourceVersionDate "2017.12.12"]
[SourceQuality "1"]

1. d4 e6 2. c4 Nf6 3. Nc3 Bb4 4. e3 c5 5. Bd3 Nc6 6. Nf3 0-0 7. 0-0 cxd4 8. exd4 d5 9. Bg5 Be7 10. Rc1 dxc4 11. Bxc4 Na5 12. Bd3 b6 13. Qc2 g6 14. Bxf6 Bxf6 15. Be4 Bb7 16. b4 Nc6 17. Qa4 Qe8 18. b5 Na5 19. Bxb7 Nxb7 20. Ne4 Be7 21. Rc7 Nd6 22. Nxd6 Bxd6 23. Rxa7 Rxa7 24. Qxa7 Qxb5 25. Ne5 Bxe5 26. dxe5 Qxe5 27. Qxb6 Ra8 28. Qb3 Qd5 29. Qxd5 exd5 30. Ra1 Ra4 31. Kf1 Kf8 32. Rd1 d4 33. Rd2 Ke7 34. Ke2 Kd6 35. Rb2 Kd5 36. Kd2 Ra3 37. Rc2 g5 38. Rb2 f5 39. Rb5+ Kc4 40. Rxf5 Rxa2+ 41. Kc1 Kd3 42. Rxg5 Ra1+ 43. Kb2 Rf1 44. Rf5 Ke2 45. g4 Rxf2 46. Kc1 Rxf5 47. gxf5 d3 0-1

[Event "American Continental (Women) 10th"]
[Site "Villa Martelli"]
[Date "2017.09.14"]
[Round "9"]
[White "Carraro, Denise"]
[Black "Miranda Llanes, Yerisbel"]
[Result "1/2-1/2"]
[WhiteElo "2071"]
[BlackElo "2192"]
[PlyCount "41"]
[EventDate "2017.09.05"]
[EventType "swiss"]
[EventRounds "9"]
[EventCountry "ARG"]
[SourceTitle "CBM 180 Extra"]
[Source "ChessBase"]
[SourceDate "2017.10.06"]
[SourceVersion "1"]
[SourceVersionDate "2017.10.06"]
[SourceQuality "1"]

1. e4 e5 2. Nf3 Nc6 3. d4 exd4 4. Nxd4 Nf6 5. Nxc6 bxc6 6. e5 Qe7 7. Qe2 Nd5 8. c4 Ba6 9. b3 0-0-0 10. g3 g5 11. Bb2 Bg7 12. Bg2 Rde8 13. 0-0 Bxe5 14. Qxe5 Qxe5 15. Bxe5 Rxe5 16. cxd5 Bxf1 17. Kxf1 cxd5 18. Nc3 c6 19. Rd1 h5 20. Ne2 Rhe8 21. Nd4 1/2-1/2

[Event "Monteros op 7th"]
[Site "Monteros"]
[Date "2017.08.20"]
[Round "5"]
[White "Menendez, Mariano"]
[Black "Carraro, Denise"]
[Result "0-1"]
[WhiteElo "1868"]
[BlackElo "2107"]
[PlyCount "136"]
[EventDate "2017.08.19"]
[EventType "swiss"]
[EventRounds "7"]
[EventCountry "ARG"]
[SourceTitle "EXT 2020"]
[Source "ChessBase"]
[SourceDate "2019.10.17"]
[SourceVersion "1"]
[SourceVersionDate "2019.10.17"]
[SourceQuality "1"]

1. e4 e6 2. d4 d5 3. exd5 exd5 4. Bd3 Nc6 5. Ne2 Bd6 6. c3 Nge7 7. Bg5 f6 8. Bf4 Be6 9. Qc2 Bf7 10. Nd2 Bxf4 11. Nxf4 Qd6 12. Ne2 Nd8 13. 0-0 b6 14. c4 Ndc6 15. Rac1 Qd7 16. c5 Nb4 17. Qb3 Nxd3 18. Qxd3 0-0 19. f4 Bg6 20. Qf3 Rfe8 21. g4 Be4 22. Qg3 Qb5 23. Nxe4 dxe4 24. Qb3+ Qxb3 25. axb3 Nd5 26. Nc3 Rad8 27. Rce1 Nxc3 28. bxc3 bxc5 29. Re3 cxd4 30. cxd4 Rxd4 31. Ra1 Rd3 32. Kf2 Rd7 33. Rxa7 Rb8 34. Ra4 Rd2+ 35. Kg3 Rd3 36. Raxe4 Rbxb3 37. Rxd3 Rxd3+ 38. Kf2 Kf7 39. Rc4 Rd7 40. Ke3 Ke7 41. h4 Kd8 42. g5 f5 43. h5 Rd6 44. Rc5 g6 45. Ra5 Ke7 46. Ra8 Kf7 47. Rh8 Kg7 48. Rc8 gxh5 49. Rxc7+ Kg6 50. Rc8 h4 51. Rc5 h3 52. Kf2 h2 53. Kg2 Rd2+ 54. Kh1 Rf2 55. Rc6+ Kh5 56. Rc3 Kg4 57. g6 Rf1+ 58. Kxh2 hxg6 59. Rg3+ Kh5 60. Rh3+ Kg4 61. Rg3+ Kxf4 62. Rxg6 Kf3 63. Rg3+ Kf2 64. Ra3 Re1 65. Ra2+ Re2 66. Rxe2+ Kxe2 67. Kg3 Ke3 68. Kg2 f4 0-1

[Event "ARG-ch (Women) 70th"]
[Site "Buenos Aires"]
[Date "2017.06.15"]
[Round "4"]
[White "Carraro, Denise"]
[Black "Gugliotta, Maria Julieta"]
[Result "1-0"]
[WhiteElo "2150"]
[BlackElo "1568"]
[PlyCount "63"]
[EventDate "2017.06.12"]
[EventType "swiss"]
[EventRounds "9"]
[EventCountry "ARG"]
[SourceTitle "CBM 179 Extra"]
[Source "ChessBase"]
[SourceDate "2017.08.23"]
[SourceVersion "1"]
[SourceVersionDate "2017.08.23"]
[SourceQuality "1"]

1. e4 e6 2. d4 d5 3. Nc3 Bb4 4. e5 c5 5. a3 Bxc3+ 6. bxc3 Qa5 7. Bd2 Qa4 8. h4 Nc6 9. h5 h6 10. Qg4 Kf8 11. Rh3 Nxe5 12. Qf4 Nd7 13. Qc7 Ke8 14. dxc5 Qc6 15. Qg3 Kf8 16. Qd6+ Ke8 17. Be3 Ne7 18. Bd3 Nf6 19. Qe5 Ng4 20. Qd4 Nxe3 21. Rxe3 Kf8 22. Rb1 Qc7 23. Nf3 Nc6 24. Qh4 Bd7 25. Bb5 Ne7 26. Nd4 Bxb5 27. Rxb5 Rb8 28. Qg4 a6 29. Rb6 Nc6 30. Nxe6+ fxe6 31. Qxe6 Qe7 32. Qxc6 1-0

[Event "ARG-ch (Women) 70th"]
[Site "Buenos Aires"]
[Date "2017.06.12"]
[Round "1"]
[White "Arias, Maria Paula"]
[Black "Carraro, Denise"]
[Result "0-1"]
[WhiteElo "1612"]
[BlackElo "2150"]
[PlyCount "112"]
[EventDate "2017.06.12"]
[EventType "swiss"]
[EventRounds "9"]
[EventCountry "ARG"]
[SourceTitle "CBM 179 Extra"]
[Source "ChessBase"]
[SourceDate "2017.08.23"]
[SourceVersion "1"]
[SourceVersionDate "2017.08.23"]
[SourceQuality "1"]

1. d4 Nf6 2. c4 e6 3. Nc3 Bb4 4. a3 Bxc3+ 5. bxc3 c5 6. Nf3 Qa5 7. Bd2 0-0 8. Qc2 d6 9. e4 e5 10. d5 Nbd7 11. Bd3 Qc7 12. 0-0 b5 13. Rfe1 bxc4 14. Bxc4 Nb6 15. Bf1 c4 16. a4 a5 17. Be3 Nfd7 18. Nd2 Ba6 19. Reb1 Rab8 20. Rb2 f5 21. f3 fxe4 22. fxe4 Nc5 23. Be2 Nd3 24. Rbb1 Nc5 25. h3 Nd3 26. Bf3 Nf4 27. Qd1 Bc8 28. Qf1 Nd3 29. Rb5 Bd7 30. Rxb6 Rxb6 31. Bxb6 Qxb6+ 32. Kh2 Qc5 33. Qg1 Qxg1+ 34. Kxg1 Nb2 35. Be2 Rc8 36. Ra2 Nxa4 37. Bxc4 Rc5 38. Ra3 Kf8 39. Kf2 Ke7 40. Ke3 Kd8 41. Rb3 Kc7 42. Ra3 Kb6 43. Rb3+ Ka7 44. Ra3 Nb6 45. Ba2 a4 46. c4 Ka6 47. Kd3 Rc8 48. Kc3 Rf8 49. Kb4 Rf2 50. Rd3 Rxg2 51. c5 dxc5+ 52. Kxc5 Bb5 53. Bc4 Nxc4 54. Nxc4 Rc2 55. Ra3 Rxc4+ 56. Kd6 Rxe4 0-1

[Event "Montevideo Duchamp Cup 1st"]
[Site "Montevideo"]
[Date "2017.02.15"]
[Round "9"]
[White "Carraro, Denise"]
[Black "Curi, Gabriel"]
[Result "1-0"]
[WhiteElo "2105"]
[BlackElo "2231"]
[PlyCount "79"]
[EventDate "2017.02.09"]
[EventType "swiss"]
[EventRounds "9"]
[EventCountry "URU"]
[SourceTitle "CBM 176 Extra"]
[Source "ChessBase"]
[SourceDate "2017.03.02"]
[SourceVersion "1"]
[SourceVersionDate "2017.03.02"]
[SourceQuality "1"]

1. e4 e6 2. d4 d5 3. Nc3 Bb4 4. e5 Ne7 5. a3 Bxc3+ 6. bxc3 c5 7. Qg4 Qc7 8. Qxg7 Rg8 9. Qxh7 cxd4 10. Ne2 Nbc6 11. f4 Bd7 12. h4 dxc3 13. h5 0-0-0 14. Qd3 Nf5 15. Rb1 d4 16. Rg1 f6 17. g4 fxe5 18. gxf5 Rxg1 19. Nxg1 exf5 20. fxe5 Nxe5 21. Qxd4 Bc6 22. Qf4 Rg8 23. Be3 Be4 24. Rb5 Re8 25. Rc5 Bc6 26. Be2 b6 27. Rxc3 Kb7 28. Qxf5 Qd6 29. Nf3 Nxf3+ 30. Bxf3 Qg3+ 31. Ke2 Qh2+ 32. Kd1 Rd8+ 33. Kc1 Bxf3 34. Qxf3+ Ka6 35. h6 Rd7 36. Qc6 Qh3 37. Kb2 Qf5 38. a4 Qg4 39. Qc4+ Qxc4 40. Rxc4 1-0

[Event "Montevideo Duchamp Cup 1st"]
[Site "Montevideo"]
[Date "2017.02.14"]
[Round "8"]
[White "Carraro, Denise"]
[Black "Zaruski, Julio"]
[Result "1-0"]
[WhiteElo "2105"]
[BlackElo "1946"]
[PlyCount "55"]
[EventDate "2017.02.09"]
[EventType "swiss"]
[EventRounds "9"]
[EventCountry "URU"]
[SourceTitle "CBM 176 Extra"]
[Source "ChessBase"]
[SourceDate "2017.03.02"]
[SourceVersion "1"]
[SourceVersionDate "2017.03.02"]
[SourceQuality "1"]

1. e4 c6 2. d4 g6 3. Nc3 Bg7 4. Be3 d6 5. a4 a5 6. h3 Na6 7. Qd2 h5 8. f4 Nh6 9. Nf3 Nb4 10. Be2 e6 11. Nd1 b6 12. c3 Na6 13. Nf2 Nc7 14. g4 hxg4 15. hxg4 Ba6 16. f5 Bxe2 17. Kxe2 Ng8 18. Rxh8 Bxh8 19. Rh1 Qf6 20. g5 Qg7 21. f6 Nxf6 22. gxf6 Qxf6 23. Ng4 Qg7 24. Bg5 Qg8 25. Bf6 Bg7 26. Ng5 Kd7 27. Bxg7 Qxg7 28. Rh7 1-0

[Event "Montevideo Duchamp Cup 1st"]
[Site "Montevideo"]
[Date "2017.02.12"]
[Round "6"]
[White "Carraro, Denise"]
[Black "Larrea, Manuel"]
[Result "0-1"]
[WhiteElo "2105"]
[BlackElo "2300"]
[PlyCount "52"]
[EventDate "2017.02.09"]
[EventType "swiss"]
[EventRounds "9"]
[EventCountry "URU"]
[SourceTitle "CBM 176 Extra"]
[Source "ChessBase"]
[SourceDate "2017.03.02"]
[SourceVersion "1"]
[SourceVersionDate "2017.03.02"]
[SourceQuality "1"]

1. e4 c5 2. Nf3 Nc6 3. d3 g6 4. g3 Bg7 5. Bg2 Nf6 6. 0-0 0-0 7. Re1 d6 8. c3 Rb8 9. d4 cxd4 10. cxd4 Bg4 11. Na3 e5 12. dxe5 dxe5 13. h3 Bxf3 14. Bxf3 Nd4 15. Be3 Nd7 16. Nc2 Qb6 17. Bg4 Rbd8 18. f4 Qxb2 19. Nxd4 exd4 20. Rb1 Qxa2 21. Bxd4 Nc5 22. Bxc5 Rxd1 23. Rexd1 h5 24. Bd7 Rd8 25. Rxb7 Qc2 26. Rd5 Qxe4 0-1

[Event "Montevideo Duchamp Cup 1st"]
[Site "Montevideo"]
[Date "2017.02.12"]
[Round "5"]
[White "Fernandez, Maria Florencia"]
[Black "Carraro, Denise"]
[Result "0-1"]
[WhiteElo "2246"]
[BlackElo "2105"]
[PlyCount "151"]
[EventDate "2017.02.09"]
[EventType "swiss"]
[EventRounds "9"]
[EventCountry "URU"]
[SourceTitle "CBM 176 Extra"]
[Source "ChessBase"]
[SourceDate "2017.03.02"]
[SourceVersion "1"]
[SourceVersionDate "2017.03.02"]
[SourceQuality "1"]

1. d4 e6 2. c4 Nf6 3. Nc3 Bb4 4. a3 Bxc3+ 5. bxc3 d6 6. e3 0-0 7. Bd3 b6 8. Ne2 e5 9. f3 c5 10. 0-0 Re8 11. Ng3 Nc6 12. d5 Na5 13. Rb1 b5 14. cxb5 Nxd5 15. Bxh7+ Kxh7 16. Qxd5 Be6 17. Qe4+ Kg8 18. f4 Bc4 19. Rd1 d5 20. Qf5 e4 21. Nh5 Re6 22. Ng3 Bd3 23. Rb2 Rf6 24. Qg5 Rg6 25. Qh5 Rh6 26. Qf5 Nc4 27. Ra2 Rf6 28. Qg5 Rg6 29. Qxd8+ Rxd8 30. a4 a6 31. Nh1 axb5 32. axb5 Rb6 33. Nf2 Bb1 34. Ra4 Bc2 35. Rxc4 Bxd1 36. Rxc5 Be2 37. c4 Bxc4 38. Nxe4 Rxb5 39. Rxb5 Bxb5 40. Ng5 Rc8 41. Bb2 f6 42. Nf3 Rc2 43. Bd4 Kf7 44. Bb6 Bd3 45. Ne1 Rb2 46. Bd4 Rb1 47. Kf2 Be4 48. Nf3 Rc1 49. Kg3 Ke6 50. Bb6 Kd6 51. Bd4 Kc6 52. Bb2 Rb1 53. Bd4 Rd1 54. h4 Kb5 55. h5 Kc4 56. h6 gxh6 57. Bxf6 Kd3 58. Bd4 Ke2 59. Nh4 h5 60. f5 Rf1 61. f6 Rf2 62. Nf3 Bxf3 63. gxf3 Rxf3+ 64. Kh4 Rf5 65. Kg3 Kd3 66. Kh4 Kc4 67. Kg3 Kb5 68. Kh4 Kc6 69. f7 Rxf7 70. Kxh5 Kb5 71. Kg4 Kc4 72. Kg3 Kd3 73. Kg2 Ke4 74. Kg1 Rf3 75. Bc5 Rxe3 76. Kf1 0-1

[Event "Montevideo Duchamp Cup 1st"]
[Site "Montevideo"]
[Date "2017.02.10"]
[Round "2"]
[White "Carraro, Denise"]
[Black "Flores, Diego"]
[Result "0-1"]
[WhiteElo "2105"]
[BlackElo "2572"]
[PlyCount "88"]
[EventDate "2017.02.09"]
[EventType "swiss"]
[EventRounds "9"]
[EventCountry "URU"]
[SourceTitle "CBM 176 Extra"]
[Source "ChessBase"]
[SourceDate "2017.03.02"]
[SourceVersion "1"]
[SourceVersionDate "2017.03.02"]
[SourceQuality "1"]

1. e4 c5 2. Nf3 e6 3. d4 cxd4 4. Nxd4 Bc5 5. Nb3 Bb6 6. Be2 Ne7 7. c4 d6 8. Nc3 a6 9. Bf4 e5 10. Bg5 f6 11. Be3 0-0 12. Qd2 a5 13. a4 Na6 14. Rd1 Nc6 15. Nb5 Bc5 16. Qd5+ Kh8 17. Nxd6 Bb4+ 18. Kf1 Qe7 19. Nxc8 Rfxc8 20. Qd7 Qf8 21. Rd5 Nc7 22. Rd1 Na6 23. Rd5 Rc7 24. Qh3 Ne7 25. Rd7 Qe8 26. Rxc7 Nxc7 27. Bb6 Na6 28. Qd3 Qxa4 29. g3 Qc6 30. Bxa5 f5 31. Bf3 Bxa5 32. Nxa5 Qb6 33. Nb3 Rf8 34. c5 Nxc5 35. Nxc5 Qxc5 36. Kg2 f4 37. Qc3 Qd6 38. Rd1 Qf6 39. Rd7 Nc6 40. g4 Ne7 41. Rxb7 Ng6 42. Be2 f3+ 43. Bxf3 Nh4+ 44. Kf1 Nxf3 0-1

[Event "Olympiad Women-42"]
[Site "Baku"]
[Date "2016.09.08"]
[Round "6.4"]
[White "Carraro, Denise"]
[Black "Tuzi, Bruna"]
[Result "1/2-1/2"]
[WhiteElo "2120"]
[BlackElo "1807"]
[PlyCount "62"]
[EventDate "2016.09.02"]
[EventType "team-swiss"]
[EventRounds "11"]
[EventCountry "AZE"]
[SourceTitle "CBM 174 Extra"]
[Source "ChessBase"]
[SourceDate "2016.10.10"]
[SourceVersion "1"]
[SourceVersionDate "2016.10.10"]
[SourceQuality "1"]
[WhiteTeam "Argentina (W)"]
[BlackTeam "Albania (W)"]
[WhiteTeamCountry "ARG"]
[BlackTeamCountry "ALB"]

1. e4 c5 2. Nf3 e6 3. d4 cxd4 4. Nxd4 d6 5. Nc3 Nf6 6. Be3 Be7 7. f3 0-0 8. Qd2 a6 9. g4 e5 10. Nf5 Bxf5 11. exf5 d5 12. g5 d4 13. gxf6 Bxf6 14. 0-0-0 dxe3 15. Qxd8 Rxd8 16. Nd5 Bg5 17. Be2 Nc6 18. c3 Nd4 19. cxd4 Rxd5 20. Rhg1 Bf4 21. dxe5 Rd2 22. Rxd2 exd2+ 23. Kc2 Bxh2 24. Rg4 Bxe5 25. Kxd2 Bf6 26. Rb4 b5 27. f4 Rd8+ 28. Ke3 Be7 29. Rb3 Bc5+ 30. Kf3 Rd2 31. a4 Bd4 1/2-1/2

[Event "Olympiad Women-42"]
[Site "Baku"]
[Date "2016.09.03"]
[Round "2.23"]
[White "Razan, Alshaeby"]
[Black "Carraro, Denise"]
[Result "0-1"]
[WhiteElo "1896"]
[BlackElo "2120"]
[PlyCount "56"]
[EventDate "2016.09.02"]
[EventType "team-swiss"]
[EventRounds "11"]
[EventCountry "AZE"]
[SourceTitle "CBM 174 Extra"]
[Source "ChessBase"]
[SourceDate "2016.10.10"]
[SourceVersion "1"]
[SourceVersionDate "2016.10.10"]
[SourceQuality "1"]
[WhiteTeam "Jordan (W)"]
[BlackTeam "Argentina (W)"]
[WhiteTeamCountry "JOR"]
[BlackTeamCountry "ARG"]

1. e4 g6 2. d4 d6 3. Nc3 a6 4. h4 h5 5. Nh3 b5 6. Ng5 Nh6 7. Bf4 Bg7 8. Be2 Bb7 9. a3 Nc6 10. Be3 Ng4 11. Bxg4 hxg4 12. Qxg4 Nxd4 13. 0-0-0 c5 14. Qf4 Bf6 15. Bxd4 cxd4 16. Nd5 Bxd5 17. exd5 0-0 18. h5 e5 19. Qh2 Bxg5+ 20. Kb1 Kg7 21. Rd3 Rh8 22. Rh3 Qd7 23. Qg3 Qf5 24. f3 Rac8 25. Qf2 d3 26. cxd3 Qxd3+ 27. Ka1 Rc2 28. Qa7 Qb3 0-1